The dynamics of global economic governance : (Registro nro. 11919)
[ vista simple ]
| 000 -LEADER | |
|---|---|
| fixed length control field | 02222cam a2200277 i 4500 |
| 003 - CONTROL NUMBER IDENTIFIER | |
| control field | OSt |
| 005 - DATE AND TIME OF LATEST TRANSACTION | |
| control field | 20210713155744.0 |
| 008 - FIXED-LENGTH DATA ELEMENTS--GENERAL INFORMATION | |
| fixed length control field | 130506s2012 enka b 001 0 eng d |
| 020 ## - INTERNATIONAL STANDARD BOOK NUMBER | |
| International Standard Book Number | 9781849802796 |
| 040 ## - CATALOGING SOURCE | |
| Original cataloging agency | AU@ |
| Transcribing agency | CO-JMCR |
| 041 0# - LANGUAGE CODE | |
| Language code of text/sound track or separate title | eng |
| 082 04 - DEWEY DECIMAL CLASSIFICATION NUMBER | |
| Classification number | 343.04 / |
| Item number | E17t |
| Edition number | 23 |
| 100 1# - MAIN ENTRY--PERSONAL NAME | |
| Personal name | Eccleston, Richard, |
| Relator term | author. |
| 9 (RLIN) | 26801 |
| 245 14 - TITLE STATEMENT | |
| Title | The dynamics of global economic governance : |
| Remainder of title | the financial crisis, the OECD, and the politics of international tax cooperation / |
| Statement of responsibility, etc. | Richard Eccleston, associate professor, University of Tasmania, Australia. |
| 264 #1 - PRODUCTION, PUBLICATION, DISTRIBUTION, MANUFACTURE, AND COPYRIGHT NOTICE | |
| Place of production, publication, distribution, manufacture | Cheltenham, UK ; |
| -- | Northampton, MA, USA : |
| Name of producer, publisher, distributor, manufacturer | Edward Elgar, |
| Date of production, publication, distribution, manufacture, or copyright notice | [2012] |
| 300 ## - PHYSICAL DESCRIPTION | |
| Extent | vii, 188 páginas : |
| Other physical details | ilustraciones y gráficas en blanco y negro ; |
| Dimensions | 24 cm. |
| 504 ## - BIBLIOGRAPHY, ETC. NOTE | |
| Bibliography, etc. note | Bibliografía: páginas 175-177. |
| 505 0# - FORMATTED CONTENTS NOTE | |
| Formatted contents note | Governing international taxation : problems and challenges -- The dynamics of global governance -- Politics without conviction : the OECD's failed Harmful Tax Competition initiative -- The financial crisis and the politics of international tax cooperation -- The domestic politics of international tax cooperation in the United States and Switzerland -- Beyond the financial crisis : regime implementation and effectiveness. |
| 520 ## - SUMMARY, ETC. | |
| Summary, etc. | The financial crisis that engulfed global markets in 2008 created an acute need for improved international economic cooperation. This book focuses on international taxation and examines how the financial crisis prompted renewed attempts to enhance international tax transparency and confront tax havens. R. Eccleston is from the University of Tasmania. |
| 520 ## - SUMMARY, ETC. | |
| Summary, etc. | This book focuses on international taxation and examines how the financial crisis prompted renewed attempts to enhance international tax transparency and confront tax havens. It highlights the complexity of international regime change and the significance of national and financial interests, international organizations, domestic politics and the emerging G20 leaders forum in this process. |
| 521 ## - TARGET AUDIENCE NOTE | |
| Target audience note | Tertiary/Undergraduate, Postgraduate. |
| 650 24 - SUBJECT ADDED ENTRY--TOPICAL TERM | |
| Topical term or geographic name entry element | Globalization |
| General subdivision | Economic aspects. |
| 9 (RLIN) | 38429 |
| 650 14 - SUBJECT ADDED ENTRY--TOPICAL TERM | |
| Topical term or geographic name entry element | Global Financial Crisis, 2008-2009. |
| 9 (RLIN) | 38430 |
| 650 24 - SUBJECT ADDED ENTRY--TOPICAL TERM | |
| Topical term or geographic name entry element | LAW / Taxation |
| Source of heading or term | bisacsh |
| 9 (RLIN) | 38431 |
| 942 ## - ADDED ENTRY ELEMENTS (KOHA) | |
| Source of classification or shelving scheme | Dewey Decimal Classification |
| Koha item type | Books |
| Withdrawn status | Lost status | Source of classification or shelving scheme | Damaged status | Not for loan | Home library | Current library | Shelving location | Date acquired | Source of acquisition | Full call number | Barcode | Date last seen | Copy number | Price effective from | Koha item type |
|---|---|---|---|---|---|---|---|---|---|---|---|---|---|---|---|
| Dewey Decimal Classification | Biblioteca Pública José María del Castillo y Rada | Biblioteca Pública José María del Castillo y Rada | General Stacks | 03/10/2021 | Donación | 343.04 / E17t | 430000311 | 05/16/2024 | Ej.1 | 03/10/2021 | Books |